| 000 | 00763nam a2200193Ia 4500 | ||
|---|---|---|---|
| 003 | IN-BaIIA | ||
| 008 | 211028s9999 xx 000 0 eng d | ||
| 020 | _a3-540-63264-6 | ||
| 040 | _cIIA Library | ||
| 080 |
_a520.2(082.2) _bSCI |
||
| 111 |
_aEuropean Southern Observatory Workshop _cGermany _d1996 June 18-21 _921815 |
||
| 245 | 0 |
_aScience with the VLT interferometer _bproceedings of the ESO workshop Garching, Germany, 18-21 jun1996 _cedited by Francesco Paresce |
|
| 260 |
_aBerlin _bSpringer-Verlag _c1996 |
||
| 300 | _axxii, 404p. | ||
| 490 | _aESO astrophysics symposia | ||
| 650 |
_aVLT, Very large telescopes, Stellar astrophysics, VLT instruments _921816 |
||
| 700 |
_aParesce, Francesco ed. _921817 |
||
| 942 | _cBK | ||
| 999 |
_c12460 _d12460 |
||